| 000 | 00530nam a22002057a 4500 | ||
|---|---|---|---|
| 003 | OSt | ||
| 005 | 20160829125331.0 | ||
| 008 | 160829b xxu||||| |||| 00| 0 eng d | ||
| 020 | _a0443065632 | ||
| 040 | _cDNLM. | ||
| 082 | _aWE175R1752002. | ||
| 100 |
_aRogers,F.Lee; _910918 |
||
| 245 | _aRadiology of Skeletal Trauma. | ||
| 250 | _a3rd ed. | ||
| 260 |
_aNew York. _bChurchill Livingstone. _c2002. |
||
| 300 |
_axii,592p; _bcol,ill; _c27cm. |
||
| 504 | _aincludes index. | ||
| 650 |
_aRadiology. _947 |
||
| 942 |
_2ddc _cO_SHELF |
||
| 999 |
_c5090 _d5090 |
||